| 000 | 00610nam a22002177a 4500 | ||
|---|---|---|---|
| 003 | ITZ | ||
| 005 | 20230224092555.0 | ||
| 008 | 230224b |||||||| |||| 00| 0 spa d | ||
| 020 | _a978-607-15-1278-9 | ||
| 035 | _a17292 | ||
| 041 | _aspa | ||
| 050 |
_aHB615 _bA53 2015 |
||
| 082 |
_a658.401 _bA665ee 2015 |
||
| 100 | 1 | _aAlcaraz Rodríguez, Rafael | |
| 245 |
_aEl emprendedor de éxito _cRafael Alcaraz Rodríguez |
||
| 250 | _a5 | ||
| 260 |
_aMéxico: _bMc Graw Hill / Interamericana, _c2015 |
||
| 300 |
_a328 p. : il. _c27 cm. |
||
| 650 | _a1. EMPRENDEDORES 2. ADMINISTRACIÓN DE EMPRESAS | ||
| 942 | _cBK | ||
| 999 |
_c28923 _d28923 |
||